| 000 | 00385 a2200109 4500 | ||
|---|---|---|---|
| 001 | ART_13801 | ||
| 005 | 20260410161910.0 | ||
| 008 | 260409a | ||
| 245 | 1 | 0 | _aPosibilidades de una planificación territorial para la transición en América Latina |
| 100 | 1 | _aCoraggio, José Luis | |
| 773 | 0 |
_tDemografía y economía _g- Vol. XV, Nº 47 (jul./sep. 1981) _wREV13200 |
|
| 999 |
_c26774 _d26774 |
||